00420cam a22001337a 4500008004000000020001700040245005100057260003500108300001000143650001800153700002200171999001900193952007400212180718b2006 xxu||||| |||| 00| 0 eng d a81 9042404 1 aDalit sahihya-2006cedited by Jaiprakash kardm aDelhibAkadamik Pratibhac2006 a416p. aDalit sahihya akardm, Jaiprakash c439149d439149 00104070aIIPAbIIPAd2010-04-23p82664r2018-07-21w2018-07-21yBK